| 000 | 01080nam a2200301Ia 4500 | ||
|---|---|---|---|
| 005 | 20220317001514.0 | ||
| 008 | 161108s2016 s o g 000 0 s | ||
| 020 | _a9788425350887 | ||
| 082 | 0 | 4 |
_a780.216 _bM34 |
| 245 | 0 | 1 |
_a1001 discos que hay que escuchar antes de morir _cedición dirigida por Robert Dimery ; prefacio de Michael Lydon |
| 250 | _a12a. edición | ||
| 300 |
_a960 páginas _bfotografias en color _c21 cm |
||
| 500 | _aIncluye índice de artistas | ||
| 534 | _t1001 albums you must hear before you die | ||
| 650 | 1 | 4 |
_2LEMB _aGrabaciones sonoras _vDiscografía |
| 650 | 1 | 4 |
_2LEMB _aMúsica popular _vDiscografía |
| 650 | 1 | 4 |
_2LEMB _aDiscografía _vColecciones |
| 700 | 1 |
_aDimery, Robert _eeditor _974637 |
|
| 700 | 1 |
_aBlánquez, Javier _dtraductor _974609 |
|
| 700 | 1 |
_aLydon, Michael _974610 |
|
| 700 | 1 |
_aPatrick, Ruth _974611 |
|
| 942 |
_2ddc _cBK |
||
| 264 |
_aBarcelona _bGrijalbo _c[2016] |
||
| 336 |
_atexto _btxt _2rdacontent |
||
| 337 |
_asin mediación _bn _2rdamedia |
||
| 338 |
_avolumen _bnc _2rdacarrier |
||
| 040 |
_aCO-BoRNBP _bspa _erda _cCO-BoRNBP |
||
| 999 |
_c7186 _d7186 |
||